000
00308nam a2200133Ia 4500
100
_a
Zimmerman/ M.W. ed
942
_c
BK
654
_a
Decorating bedrooms
245
_a
Remodelling and Decorating Bedrooms
260
_b
Lane Pub.
_a
California
_c
1980
082
_a
747.77
300
_a
80
546
_a
ENGLISH
999
_c
30786
_d
30786